000 00400pab a2200145 454500
008 180718b2015 xxu||||| |||| 00| 0 eng d
100 _aKasetwar, Ramesh B.
245 _aPromotion of excellence in higher education: criteria, benchmarks and processes
260 _c2015
300 _ap.125-131.
362 _a18 May
650 _aHigher education
773 _aUniversity News
909 _a107763
999 _c107758
_d107758